000 00813cam a22002654a 4500
001 14163035
005 20180814051010.0
008 051101s2007 njua b 001 0 eng
010 _a 2005055287
020 _a0131713272
020 _a0130452416
035 _a(OCoLC)ocm62326871
040 _aDLC
_beng
_cDLC
_dYDX
_dBAKER
_dDLC
041 _aeng
042 _apcc
080 _a641.5
082 0 0 _a641.5
_222
100 1 _a10
101 _aNUT
245 1 0 _aOn cooking :
504 _aIncludes bibliographical references (p. [1337]-1342) and index.
906 _a7
_bcbc
_corignew
_d1
_eocip
_f20
_gy-gencatlg
942 _2ddc
_cBK
999 _c47102
_d47102